Online
Catalog

La caverna / (Record no. 11705)

MARC details
000 -CABECERA
campo de control de longitud fija 00940nam a2200289 a 4500
001 - NÚMERO DE CONTROL
campo de control 000012037
005 - FECHA Y HORA DE LA ÚLTIMA TRANSACCIÓN
campo de control 20250218125614.0
008 - DATOS DE LONGITUD FIJA--INFORMACIÓN GENERAL
campo de control de longitud fija 091103s2001 ck 000 f spa d
020 ## - NÚMERO INTERNACIONAL ESTÁNDAR DEL LIBRO
Número Internacional Estándar del Libro 9588061601
040 ## - FUENTE DE LA CATALOGACIÓN
Centro catalogador/agencia de origen DO-SdBNP
Lengua de catalogación spa
Centro/agencia transcriptor BNPHU
041 17 - CÓDIGO DE LENGUA
Código de lengua del texto/banda sonora o título independiente spa
Código de lengua original por
Fuente del código Código de idioma MARC
082 ## - NÚMERO DE LA CLASIFICACIÓN DECIMAL DEWEY
Número de clasificación B869.34
Número de documento/Ítem S243c
049 ## - FONDOS LOCALES (OCLC)
Fondos de biblioteca BNGR
100 1# - ENTRADA PRINCIPAL--NOMBRE DE PERSONA
Nombre de persona Saramago, José,
Fechas asociadas al nombre 1922-2010
9 (RLIN) 12950
240 12 - TÍTULO UNIFORME
Título uniforme A caverna.
Lenguaje de la obra Español
245 13 - MENCIÓN DE TÍTULO
Título La caverna /
Mención de responsabilidad, etc. José Samarago ; traducción de Pilar del Río.
260 ## - PUBLICACIÓN, DISTRIBUCIÓN, ETC.
Lugar de publicación, distribución, etc. Bogotá :
Nombre del editor, distribuidor, etc. Alfaguara,
Fecha de publicación, distribución, etc. 2001.
300 ## - DESCRIPCIÓN FÍSICA
Extensión 454 ;
Dimensiones 22 cm.
490 1# - MENCIÓN DE SERIE
Mención de serie Biblioteca José Saramago
534 ## - NOTA SOBRE LA VERSIÓN ORIGINAL
Frase introductoria Título original en portugués :
Mención de título del original A carvena
Publicación, distribución, etc. del original Lisboa : Caminho, 2001.
500 ## - NOTA GENERAL
Nota general Primera reimpresión, marzo 2001
650 #4 - PUNTO DE ACCESO ADICIONAL DE MATERIA--TÉRMINO DE MATERIA
Término de materia o nombre geográfico como elemento de entrada Novela portuguesa
9 (RLIN) 12951
650 #4 - PUNTO DE ACCESO ADICIONAL DE MATERIA--TÉRMINO DE MATERIA
Término de materia o nombre geográfico como elemento de entrada Literatura portuguesa
9 (RLIN) 12952
700 1# - PUNTO DE ACCESO ADICIONAL--NOMBRE DE PERSONA
Nombre de persona Río, Pilar del,
Término indicativo de función/relación tr.
9 (RLIN) 27507
830 #0 - PUNTO DE ACCESO ADICIONAL DE SERIE-TÍTULO UNIFORME
Título uniforme Biblioteca José Saramago
9 (RLIN) 28477
910 ## - DATOS DE OPCIÓN DEL USUARIO (OCLC)
Datos de opción del usuario WM
Holdings
Estado de retiro Estado de pérdida Restricciones de uso No para préstamo Código de colección Localización permanente Ubicación/localización actual Ubicación en estantería Fecha de adquisición Número de inventario Total de préstamos Signatura topográfica completa Código de barras Fecha visto por última vez Precio válido a partir de Tipo de ítem Koha Número de copia
    Préstamo interno   Monografías: Libros y Folletos General General Depósito 03.11.2009 LF1   B869.34 S243c 12037-10 25.06.2020 25.06.2020 Préstamo interno  
    Préstamo restringido Préstamo restrigido Monografías: Libros y Folletos General General Depósito 03.11.2009 LF1   B869.34 S243c 12037-20 25.06.2020 25.06.2020 Préstamo interno e.2

Powered by Koha